Požadavky předpisů pro konstrukci letounu /

Hlavní autor: Pávek, Josef
Jazyk: Čeština
Vydáno: Brno : Vojenská akademie, 1969
Vydání: 1. vyd.
Fyzický popis: 42 s.
Knihy
Uloženo v:
LEADER 00590nam a22001932a 4500
001 000345733
003 CZ BrMZK
005 20011219154450.0
008 980103s1969 xr f cze d
040 |a BOA001  |b cze 
080 |a 629.13  |2 MRF 
100 1 |a Pávek, Josef  |7 mzk2009544210 
245 1 0 |a Požadavky předpisů pro konstrukci letounu /  |c J. Pávek 
250 |a 1. vyd. 
260 |a Brno :  |b Vojenská akademie,  |c 1969 
300 |a 42 s. 
910 |a BOA001  |b TK-A-0151.699 
990 |a BK 
996 7 |b 2629975379  |c TK-A-0151.699  |l MZK  |r Sklad / do 24 hodin  |n 1  |w 000345733  |u 000010  |a 1  |e BOA001  |j MZK50  |s A